Návrh opatrení v systéme podnikového vzdelávania v PCA Slovakia, s.r.o. Trnava

Saved in:
Bibliographic Details
Main Author: Brathová, Adriana, 1988- (Author)
Other Authors: Bilčík, Alexander, 1969- (Thesis advisor)
Format: Manuscript Book
Language:English
Published: Trnava : STU v Bratislave MTF KIP, 2012
Subjects:
Online Access:VAIS
Tags: Add Tag
No Tags, Be the first to tag this record!

MARC

LEADER 00000ntm a22000003a 4500
001 stu251524
005 20150617230203.5
008 120719s2012----xo------------------eng-d
040 |a STU  |b slo 
041 0 |a eng 
044 |a xo 
100 1 |a Brathová, Adriana,  |d 1988-  |4 aut  |u M  |T MTF Materiálovotechnologická fakulta  |X 7716  |U M  |Y 60  |7 A000007716 
242 0 0 |a Proposal measures in the system of enterprise education PCA Slovakia l.t.d. Trnava  |y eng 
245 1 |a Návrh opatrení v systéme podnikového vzdelávania v PCA Slovakia, s.r.o. Trnava 
260 |a Trnava :  |b STU v Bratislave MTF KIP,  |c 2012 
300 |a 87 s  |c príl 
650 7 |a učiteľstvo technických profesijných predmetov  |2 stusub 
650 7 |a Teaching Specific Engineering Subjects  |2 estusub 
650 7 |a podnikové vzdelávanie  |2 stusub 
650 7 |a komunikácia  |2 stusub 
700 1 |a Bilčík, Alexander,  |d 1969-  |4 ths  |u M220  |U MTF Ústav inžinierskej pedagogiky a humatitných vied  |T MTF Katedra inžinierskej pedagogiky a psychológie  |X 3651  |U M220  |Y M220  |7 A000003651 
856 4 |a info a plný text  |u http://is.stuba.sk/zp/portal_zp.pl?podrobnosti=80824  |3 VAIS 
996 |c M*DP-11016  |l MMSKP  |s P  |a 0  |w stu251524_0001